Population, ecology and the new economics. Guidelines for a steady-state economy.

Sociologická štúdia o nutnosti modifikácie klasickej teórie demografických zmien z dôvodov súčasného ekonomického rozvoja a menovite novej ekologickej situácie. Dominantná úloha tejto teórie v praxi, plánovaní a prognózovaní. Výklad zásadných myšlienok tejto teórie. Náčrt nového scenára ekonomickej...

Descrizione completa

Salvato in:
Dettagli Bibliografici
Autore principale: Hauser, J.A
Natura: Capitolo di libro
Lingua:inglese
Soggetti:
Tags: Aggiungi Tag
Nessun Tag, puoi essere il primo ad aggiungerne!!

MARC

LEADER 00000naa a2200000 4500
001 r009368
005 20221213084953.0
041 0 |a eng 
044 |a GB 
245 1 0 |a Population, ecology and the new economics.  |b Guidelines for a steady-state economy.  |c J.A. Hauser 
520 |a Sociologická štúdia o nutnosti modifikácie klasickej teórie demografických zmien z dôvodov súčasného ekonomického rozvoja a menovite novej ekologickej situácie. Dominantná úloha tejto teórie v praxi, plánovaní a prognózovaní. Výklad zásadných myšlienok tejto teórie. Náčrt nového scenára ekonomickej akcie, ktorá je alternatívou a manévrovacím priestorom v rámci stabilnej ekonomiky. 
610 2 0 |a populácia 
610 2 0 |a demografia 
610 2 0 |a štúdie sociologické 
610 2 0 |a ekológia 
610 2 0 |a rozvoj hospodársky 
610 2 0 |a politika hospodárska 
610 2 0 |a prognózovanie 
610 2 0 |a údaje štatistické 
610 2 0 |a 1980-1990 
610 2 0 |a svet 
610 2 0 |a úroveň životná 
100 1 |a Hauser, J.A.